| 000 | 00996 a2200265 4500 | ||
|---|---|---|---|
| 999 |
_c2982 _d2982 |
||
| 020 | _a9780415431262 (hardback) | ||
| 020 | _a0415431263 (hardback) | ||
| 020 | _a9780415431279 (pbk.) | ||
| 020 | _a0415431271 (pbk.) | ||
| 020 | _a9780203926598 (ebook) | ||
| 020 | _a0203926595 (ebook) | ||
| 050 | 0 | 0 | _aJZ1242 |
| 245 | 0 | 0 |
_aIssues in international relations / _cedited by Trevor C. Salmon and Mark F. Imber ; with the assistance of Trudy Fraser. |
| 250 | _a2nd ed. | ||
| 264 |
_aNew York: _bRoutledge, _c2008 |
||
| 300 |
_axxii, 258 p. : _bill. ; |
||
| 500 | _aincludes index | ||
| 504 | _aIncludes bibliographical references and index. | ||
| 650 | 0 | _aInternational relations. | |
| 700 | 1 | _aSalmon, Trevor C. | |
| 700 | 1 | _aImber, Mark. | |
| 856 | 4 | 1 |
_3Table of contents only _uhttp://www.loc.gov/catdir/toc/ecip085/2007048546.html |
| 942 |
_2lcc _cBK _e2nd ed. _h1242 _iSAL _kJZ |
||